000 03426cam a22002414a 4500
005 20250605163950.0
008 250528s ||||||||||||||||||||||||d
035 _a15350
020 _a960286186X
040 _aGR-AtMCL
_bgre
_dGR-AtMCL
_eAACR2
245 1 _aΕπιχειρησιακές Επικοινωνίες / Δέκατη - Ενδέκατη Έκδοση
250 _a10η
260 _bΈλλην,
_c1995
300 _a456
505 0 _aΟργάνωση της Εμπορικής Επικοινωνίας, Διαπροσωπική Επικοινωνία και Ακρόαση, Δημόσια Ομιλία και Προφορική Αναφορά, Ανάλυση των σημαντικών Παραγόντων που επηρεάζουν την αποτελεσματικότητα των Επικοινωνιών, Τεχνολογία της Ηλεκτρονικής Επικοινωνίας, Η Αποτελεσματική Χρήση των Λέξεων, Η Χρήση της Τεχνικής του Ύφους, Επικοινωνία μέσω Επιστολών και Αναφορών, Γράφοντας για το Δυσάρεστο, Γράφοντας για να Πείσετε, Γραφή Ειδικών Επιστολών, Η Προετοιμασία Βιογραφικών Σημειωμάτων και Αιτήσεων, Συνεντεύξεις και Μηνύματα και Έπαινοι, Η Διαδικασία της Αναφοράς και οι Μέθοδοι Έρευνας, Χειρισμός των Δεδομένων και Χρήση των Σχεδιαγραμμάτων, Οργάνωση και Σύγγραφη Αναφορών και Προτάσεων, Γράφοντας μια Επίσημη Αναφορά, Οδηγίες για τη Μορφή και τη Διάταξη του Εγγράφου.
520 _aΟργάνωση της Εμπορικής Επικοινωνίας, Διαπροσωπική Επικοινωνία και Ακρόαση, Δημόσια Ομιλία και Προφορική Αναφορά, Ανάλυση των σημαντικών Παραγόντων που επηρεάζουν την αποτελεσματικότητα των Επικοινωνιών, Τεχνολογία της Ηλεκτρονικής Επικοινωνίας, Η Αποτελεσματική Χρήση των Λέξεων, Η Χρήση της Τεχνικής του Ύφους, Επικοινωνία μέσω Επιστολών και Αναφορών, Γράφοντας για το Δυσάρεστο, Γράφοντας για να Πείσετε, Γραφή Ειδικών Επιστολών, Η Προετοιμασία Βιογραφικών Σημειωμάτων και Αιτήσεων, Συνεντεύξεις και Μηνύματα και Έπαινοι, Η Διαδικασία της Αναφοράς και οι Μέθοδοι Έρευνας, Χειρισμός των Δεδομένων και Χρήση των Σχεδιαγραμμάτων, Οργάνωση και Σύγγραφη Αναφορών και Προτάσεων, Γράφοντας μια Επίσημη Αναφορά, Οδηγίες για τη Μορφή και τη Διάταξη του Εγγράφου.
700 1 _aBaty Murlin Wayne
_91251
700 1 _aHimstreet William
_91252
700 1 _aLehman Carol M
_91253
942 _cBK
999 _c939
_d939